000
00207nam a2200085Ia 4500
082
_a
390.089961 BAN
245
0
_a
Bushmen a changing way of life
942
_c
BK
008
210817s9999 xx 000 0 und d
999
_c
258849
_d
258848